| 000 | 00752 a2200289 4500 | ||
|---|---|---|---|
| 001 | 106760 | ||
| 020 | _a9780763619503 (board) | ||
| 020 | _a9780763641580 (set : board) | ||
| 041 | _aeng | ||
| 082 | _aAP Early [E] | ||
| 092 | _a2003100544 | ||
| 100 | _aPatricelli, Leslie. | ||
| 250 | _a1st ed. | ||
| 300 | _a[24] p. | ||
| 697 | _aTaste - Fiction. | ||
| 697 | _aBabies - Fiction | ||
| 697 | _aEnglish language - Synonyms and antonyms. | ||
| 697 | _aInfants - Fiction. | ||
| 697 | _aInfants | ||
| 697 | _aTaste | ||
| 856 | _u000010/00001056.jpg | ||
| 040 |
_aBR-BrIDEA _cBR-BrIDEA |
||
| 090 |
_aAP Early [E] _bPAT |
||
| 245 | 1 | 0 |
_aYummy, yucky _c Leslie Patricelli |
| 260 |
_aMassachusetts _bCandlewick Press _c2003 |
||
| 942 | _cBK | ||
| 999 |
_c106760 _d106760 |
||